00862nam a2200205 a 450000100100000000500170001000800410002704000250006808200150009310000230010824501420013126000350027330000240030849000400033270000300037271000750040283000490047795201130052699900170063900004521320240311204354.0150210s1983 dr 000 0 spa d aDO-SdBNPbspacBNPHU axxxxbxxxx1 aRoss, Jaime97322510aInstrumentos tributarios de financiamientos coadyuvantes a la producción agraria de alimentos /cJaime Ross ; presentación Luis Naut. aSanto Domingo :bINCAT,c1983. a1, 229 p. ;c21 cm.1 aManuales de finanzas públicasv1712aNaut, Luis,epres.92207522aInstituto de Capacitación Tributaria (República Dominicana)973226 0aManuales de finanzas públicas ;n17973227 0010718PDaPDbPDcCTd2015-02-10iLF1l0oxxxx xxxxp45213-10r2020-06-25w2020-06-25yLFPDZNo se presta c44702d44702